Munch & Learn: Math story mats : (Record no. 112541)
[ view plain ]
| 000 -LEADER | |
|---|---|
| fixed length control field | 00448nam a2200121 a 4500 |
| 005 - DATE AND TIME OF LATEST TRANSACTION | |
| control field | 20140414131939.0 |
| 008 - FIXED-LENGTH DATA ELEMENTS--GENERAL INFORMATION | |
| fixed length control field | 110125s19uu xx 00 eng d |
| 050 ## - LIBRARY OF CONGRESS CALL NUMBER | |
| Classification number | TR 372.7 |
| Item number | Sa5 2002 |
| 100 ## - MAIN ENTRY--PERSONAL NAME | |
| Personal name | Sanders, Nancy I. |
| 245 ## - TITLE STATEMENT | |
| Title | Munch & Learn: Math story mats : |
| Remainder of title | 15 reproducible learning mats with instant activities that use munchable manipulatives to teach important math skills. |
| 260 ## - PUBLICATION, DISTRIBUTION, ETC. (IMPRINT) | |
| Place of publication, distribution, etc | New York : |
| Name of publisher, distributor, etc | Scholastic , |
| Date of publication, distribution, etc | 2002. |
| Withdrawn status | Lost status | Damaged status | Home library | Current library | Shelving location | Date acquired | Total Checkouts | Full call number | Barcode | Date last seen | Price effective from | Koha item type |
|---|---|---|---|---|---|---|---|---|---|---|---|---|
| Munich Library | Munich Library | Teachers Reference Section | 01/25/2011 | TR 372.7 Sa5 2002 | M3878 | 04/14/2014 | 04/14/2014 | Books |